<?xml version='1.0' encoding='UTF-8'?>
  <record xmlns="http://www.loc.gov/MARC21/slim">
    <leader>00000cam a22000001  4500</leader>
    <controlfield tag="001">ocm50737523</controlfield>
    <controlfield tag="003">OCoLC</controlfield>
    <controlfield tag="005">20240127100239.6</controlfield>
    <controlfield tag="008">810304s1550    be ae         000 0 ita  </controlfield>
    <datafield tag="010" ind1=" " ind2=" ">
      <subfield code="a">   65059141 </subfield>
    </datafield>
    <datafield tag="040" ind1=" " ind2=" ">
      <subfield code="a">DLC</subfield>
      <subfield code="b">eng</subfield>
      <subfield code="c">DLC</subfield>
      <subfield code="d">OCLCF</subfield>
      <subfield code="d">ZCU</subfield>
      <subfield code="d">DLC</subfield>
      <subfield code="d">OCLCO</subfield>
      <subfield code="d">OCL</subfield>
      <subfield code="d">OCLCO</subfield>
      <subfield code="d">OCLCL</subfield>
    </datafield>
    <datafield tag="029" ind1="1" ind2=" ">
      <subfield code="a">AU@</subfield>
      <subfield code="b">000024140461</subfield>
    </datafield>
    <datafield tag="035" ind1=" " ind2=" ">
      <subfield code="a">(OCoLC)50737523</subfield>
    </datafield>
    <datafield tag="041" ind1="1" ind2=" ">
      <subfield code="a">fre</subfield>
      <subfield code="a">ita</subfield>
    </datafield>
    <datafield tag="043" ind1=" " ind2=" ">
      <subfield code="a">e------</subfield>
      <subfield code="a">aw-----</subfield>
      <subfield code="a">ff-----</subfield>
    </datafield>
    <datafield tag="050" ind1="0" ind2="0">
      <subfield code="a">NA2517</subfield>
      <subfield code="b">.S55 1545</subfield>
    </datafield>
    <datafield tag="100" ind1="1" ind2=" ">
      <subfield code="a">Serlio, Sebastiano,</subfield>
      <subfield code="d">1475-1554.</subfield>
    </datafield>
    <datafield tag="240" ind1="1" ind2="0">
      <subfield code="a">Tutte l'opere d'architettura.</subfield>
      <subfield code="n">Libro 3.</subfield>
      <subfield code="l">French</subfield>
    </datafield>
    <datafield tag="245" ind1="1" ind2="0">
      <subfield code="a">Des antiquites,</subfield>
      <subfield code="b">le troisiesme liure translaté d'italien en franchois ...</subfield>
    </datafield>
    <datafield tag="260" ind1=" " ind2=" ">
      <subfield code="a">[Anvers,</subfield>
      <subfield code="b">Imprime povr P. Coeck d'Alost par G. van Diest,</subfield>
      <subfield code="c">1550]</subfield>
    </datafield>
    <datafield tag="300" ind1=" " ind2=" ">
      <subfield code="a">73 l.</subfield>
      <subfield code="b">illus., plans</subfield>
      <subfield code="c">35 cm.</subfield>
    </datafield>
    <datafield tag="336" ind1=" " ind2=" ">
      <subfield code="a">text</subfield>
      <subfield code="b">txt</subfield>
      <subfield code="2">rdacontent</subfield>
    </datafield>
    <datafield tag="337" ind1=" " ind2=" ">
      <subfield code="a">unmediated</subfield>
      <subfield code="b">n</subfield>
      <subfield code="2">rdamedia</subfield>
    </datafield>
    <datafield tag="338" ind1=" " ind2=" ">
      <subfield code="a">volume</subfield>
      <subfield code="b">nc</subfield>
      <subfield code="2">rdacarrier</subfield>
    </datafield>
    <datafield tag="500" ind1=" " ind2=" ">
      <subfield code="a">In the author's Tutte l'opere d'architettura, 1584, published as a 7-vol. work, the Italian original of this part forms vol. 3.</subfield>
    </datafield>
    <datafield tag="501" ind1=" " ind2=" ">
      <subfield code="a">With: Serlio, S. Il primo libro d'architettura. Paris : De l'Imprimerie de Iehan Barbé, 1545. Bound together subsequent to publication.</subfield>
      <subfield code="5">DLC</subfield>
    </datafield>
    <datafield tag="650" ind1=" " ind2="0">
      <subfield code="a">Architecture</subfield>
      <subfield code="v">Early works to 1800.</subfield>
    </datafield>
    <datafield tag="650" ind1=" " ind2="6">
      <subfield code="a">Architecture</subfield>
      <subfield code="v">Ouvrages avant 1800.</subfield>
    </datafield>
    <datafield tag="650" ind1=" " ind2="7">
      <subfield code="a">Antiquities.</subfield>
      <subfield code="2">fast</subfield>
      <subfield code="0">(OCoLC)fst00810745</subfield>
    </datafield>
    <datafield tag="650" ind1=" " ind2="7">
      <subfield code="a">Architecture.</subfield>
      <subfield code="2">fast</subfield>
      <subfield code="0">(OCoLC)fst00813346</subfield>
    </datafield>
    <datafield tag="650" ind1=" " ind2="7">
      <subfield code="a">Architecture, Roman.</subfield>
      <subfield code="2">fast</subfield>
      <subfield code="0">(OCoLC)fst00813932</subfield>
    </datafield>
    <datafield tag="651" ind1=" " ind2="7">
      <subfield code="a">Egypt.</subfield>
      <subfield code="2">fast</subfield>
      <subfield code="0">(OCoLC)fst01208755</subfield>
      <subfield code="1">https://id.oclc.org/worldcat/entity/E39QbtfRDwpX7XgppvP7ww3J9c</subfield>
    </datafield>
    <datafield tag="651" ind1=" " ind2="7">
      <subfield code="a">Italy</subfield>
      <subfield code="z">Rome.</subfield>
      <subfield code="2">fast</subfield>
      <subfield code="0">(OCoLC)fst01204500</subfield>
      <subfield code="1">https://id.oclc.org/worldcat/entity/E39PBJqfPdVkJT8KqM83krFMyd</subfield>
    </datafield>
    <datafield tag="651" ind1=" " ind2="7">
      <subfield code="a">Rome (Empire)</subfield>
      <subfield code="2">fast</subfield>
      <subfield code="0">(OCoLC)fst01204885</subfield>
    </datafield>
    <datafield tag="655" ind1=" " ind2="7">
      <subfield code="a">Early works.</subfield>
      <subfield code="2">fast</subfield>
      <subfield code="0">(OCoLC)fst01411636</subfield>
    </datafield>
    <datafield tag="710" ind1="2" ind2=" ">
      <subfield code="a">Lessing J. Rosenwald Collection (Library of Congress)</subfield>
      <subfield code="5">DLC</subfield>
    </datafield>
    <datafield tag="758" ind1=" " ind2=" ">
      <subfield code="i">has work:</subfield>
      <subfield code="a">Des antiquites (Text)</subfield>
      <subfield code="1">https://id.oclc.org/worldcat/entity/E39PCFVhYMCQgM9CWVXMckmC43</subfield>
      <subfield code="4">https://id.oclc.org/worldcat/ontology/hasWork</subfield>
    </datafield>
    <datafield tag="776" ind1="0" ind2="8">
      <subfield code="i">Online version:</subfield>
      <subfield code="a">Serlio, Sebastiano, 1475-1554.</subfield>
      <subfield code="s">Tutte l'opere d'architettura. Libro 3. French.</subfield>
      <subfield code="t">Des antiquites.</subfield>
      <subfield code="d">[Antwerp] : Imprime en Anvers pour Pierre Coeck d'Alost, libraire iuré de l'Imperialle Maieste, par Gil. van Diest, En Lan [sic] de nostre Seigneur Mil, cinq centz, &amp; cinquante, le vje iour de Iuillet [July 6, 1550]</subfield>
      <subfield code="w">(OCoLC)1085574641</subfield>
    </datafield>
    <datafield tag="752" ind1=" " ind2=" ">
      <subfield code="a">Belgium</subfield>
      <subfield code="d">Antwerp.</subfield>
    </datafield>
    <datafield tag="856" ind1="4" ind2="1">
      <subfield code="d">rbc0001</subfield>
      <subfield code="f">2021rosen1028</subfield>
      <subfield code="u">https://hdl.loc.gov/loc.rbc/Rosenwald.1028</subfield>
      <subfield code="z">Starting with image 176</subfield>
    </datafield>
  </record>